Nghiên cứu khả năng hấp thu Metyl da cam của tro trấu hoạt hóa ở điều kiện phòng thí nghiệm : Luận văn tốt nghiệp Cao học. Chuyên ngành Khoa học môi trường

Đề tài tận dụng nguồn tro trấu thải từ các lò đốt ở địa phương làm vật liệu hấp phụ các chất ô nhiễm trong môi trường nước, qua đó góp phần hạn chế ô nhiễm nguồn nước mặt ở Đồng bằng sông Cửu Long....

সম্পূর্ণ বিবরণ

সংরক্ষণ করুন:
গ্রন্থ-পঞ্জীর বিবরন
প্রধান লেখক: Phan, Phước Toàn
বিন্যাস: গ্রন্থ
ভাষা:Undetermined
প্রকাশিত: Cần Thơ Trường Đại học Cần Thơ 2015
বিষয়গুলি:
ট্যাগগুলো: ট্যাগ যুক্ত করুন
কোনো ট্যাগ নেই, প্রথমজন হিসাবে ট্যাগ করুন!
Thư viện lưu trữ: Trung tâm Học liệu Trường Đại học Cần Thơ
LEADER 01250nam a2200229Ia 4500
001 CTU_205990
008 210402s9999 xx 000 0 und d
082 |a 363.7394 
082 |b T406 
088 |a 60440301 
100 |a Phan, Phước Toàn 
245 0 |a Nghiên cứu khả năng hấp thu Metyl da cam của tro trấu hoạt hóa ở điều kiện phòng thí nghiệm : 
245 0 |b Luận văn tốt nghiệp Cao học. Chuyên ngành Khoa học môi trường 
245 0 |c Phan Phước Toàn ; Ngô Thụy Diễm Trang, Nguyễn Trung Thành (Cán bộ hướng dẫn) 
260 |a Cần Thơ 
260 |b Trường Đại học Cần Thơ 
260 |c 2015 
520 |a Đề tài tận dụng nguồn tro trấu thải từ các lò đốt ở địa phương làm vật liệu hấp phụ các chất ô nhiễm trong môi trường nước, qua đó góp phần hạn chế ô nhiễm nguồn nước mặt ở Đồng bằng sông Cửu Long. 
650 |a Water,Nước 
650 |x Pollution,Ô nhiễm 
904 |i Hải 
980 |a Trung tâm Học liệu Trường Đại học Cần Thơ